| 000 | 00953cam a2200313 i 4500 | ||
|---|---|---|---|
| 003 | EG-ScBUE | ||
| 005 | 20230426092336.0 | ||
| 008 | 090702s1993 maua f 000 0 eng d | ||
| 020 | _a026202361X | ||
| 020 | _a9780262023610 | ||
| 040 |
_aEG-ScBUE _beng _erda _cEG-ScBUE _dEG-ScBUE |
||
| 082 | 0 | 4 |
_a779.97253 _bBEC _222 |
| 100 | 1 |
_aBecher, Bernd, _eauthor. _97461 |
|
| 245 | 1 | 0 |
_aGas tanks / _cBernd & Hilla Becher. |
| 264 | 1 |
_aCambridge : _bMIT Press, _c[1993] |
|
| 264 | 4 | _cc1993 | |
| 300 |
_a102 pages : _billustrations (chiefly color) ; _c29 cm |
||
| 336 |
_2rdacontent _atext _btxt |
||
| 337 |
_2rdamedia _aunmediated _bn |
||
| 338 |
_2rdacarrier _avolume _bnc |
||
| 590 | _adoaa mohamed | ||
| 650 | 7 |
_aPhotography, Industrial. _2BUEsh _97462 |
|
| 650 | 7 |
_aGasholders _xPictorial works. _2BUEsh _97463 |
|
| 651 | _2BUEsh | ||
| 653 | _bGGEN | ||
| 655 | _vReading book | ||
| 700 | 1 |
_aBecher, Hilla, _eauthor. _97464 |
|
| 942 |
_cBB _2ddc |
||
| 999 |
_c7514 _d7514 |
||